Studying early India : (Record no. 134701)
[ view plain ]
| 000 -LEADER | |
|---|---|
| fixed length control field | 00723nam a22002177a 4500 |
| 005 - DATE AND TIME OF LATEST TRANSACTION | |
| control field | 20170124110232.0 |
| 010 ## - LIBRARY OF CONGRESS CONTROL NUMBER | |
| LC control number | B-110490 |
| 020 ## - INTERNATIONAL STANDARD BOOK NUMBER | |
| Terms of availability | 575.00 |
| International Standard Book Number | 8178240491 |
| 035 ## - SYSTEM CONTROL NUMBER | |
| System control number | B-110490 |
| 037 ## - SOURCE OF ACQUISITION | |
| Source of stock number/acquisition | Cen Lib/Ret |
| 040 ## - CATALOGING SOURCE | |
| Original cataloging agency | DPL |
| Language of cataloging | EN |
| 082 ## - DEWEY DECIMAL CLASSIFICATION NUMBER | |
| Classification number | 954.01 |
| Item number | CHA |
| 100 ## - MAIN ENTRY--PERSONAL NAME | |
| Personal name | Chattopadhyaya, Brajadulal |
| 9 (RLIN) | 105527 |
| 245 ## - TITLE STATEMENT | |
| Title | Studying early India : |
| Statement of responsibility, etc | by Brajadulal Chattopadhyaya |
| Remainder of title | archaeology, texts, and historical issues / |
| 260 ## - PUBLICATION, DISTRIBUTION, ETC. (IMPRINT) | |
| Place of publication, distribution, etc | Delhi |
| Name of publisher, distributor, etc | Permanent Black |
| Date of publication, distribution, etc | 2003 |
| 270 ## - ADDRESS | |
| City | Delhi |
| Address | D-28 Oxford Apartments, 11, I.P.Extension |
| Postal code | 110092 |
| 300 ## - PHYSICAL DESCRIPTION | |
| Extent | vi, 283p. |
| Dimensions | 20cm(Hb) |
| 650 ## - SUBJECT ADDED ENTRY--TOPICAL TERM | |
| Topical term or geographic name as entry element | Historiography |
| Chronological subdivision | |
| 9 (RLIN) | 105528 |
| 650 ## - SUBJECT ADDED ENTRY--TOPICAL TERM | |
| Topical term or geographic name as entry element | History -- texts and issues |
| 9 (RLIN) | 105529 |
| 942 ## - ADDED ENTRY ELEMENTS (KOHA) | |
| Source of classification or shelving scheme | Dewey Decimal Classification |
| Koha item type | English Books |
| Classification part | 954.01 |
| Call number suffix | CHA |
| Withdrawn status | Lost status | Damaged status | Not for loan | Home library | Current library | Date acquired | Source of acquisition | Cost, normal purchase price | Total Checkouts | Total Renewals | Full call number | Barcode | Date last seen | Date checked out | Copy number | Cost, replacement price | Price effective from | Koha item type |
|---|---|---|---|---|---|---|---|---|---|---|---|---|---|---|---|---|---|---|
| Central Library | Central Library | 31/07/2015 | Cen Lib/Ret | 575.00 | 2 | 2 | 954.01 CHA | B-110490 | 21/07/2022 | 08/07/2022 | 1 | 575.00 | 15/09/2016 | English Books |
